Transformers Earthspark : (Record no. 405288)
[ view plain ]
| 000 -LEADER | |
|---|---|
| fixed length control field | 02401nam a2200409 i 4500 |
| 001 - CONTROL NUMBER | |
| control field | zcodcb b8723309 |
| 003 - CONTROL NUMBER IDENTIFIER | |
| control field | PWmBRO |
| 005 - DATE AND TIME OF LATEST TRANSACTION | |
| control field | 20250307163055.0 |
| 007 - PHYSICAL DESCRIPTION FIXED FIELD--GENERAL INFORMATION | |
| fixed length control field | t| |
| 008 - FIXED-LENGTH DATA ELEMENTS--GENERAL INFORMATION | |
| fixed length control field | 241205s2024 nyua c 000 1 eng d |
| 020 ## - INTERNATIONAL STANDARD BOOK NUMBER | |
| International Standard Book Number | 9781665971218 |
| 020 ## - INTERNATIONAL STANDARD BOOK NUMBER | |
| International Standard Book Number | 1665971215 |
| 020 ## - INTERNATIONAL STANDARD BOOK NUMBER | |
| International Standard Book Number | 9781665971225 |
| 040 ## - CATALOGING SOURCE | |
| Original cataloging agency | PABRO |
| Language of cataloging | eng |
| Description conventions | rda |
| Transcribing agency | PABRO |
| 092 ## - LOCALLY ASSIGNED DEWEY CALL NUMBER (OCLC) | |
| Classification number | junior fiction |
| Item number | Windham |
| 100 1# - MAIN ENTRY--PERSONAL NAME | |
| Personal name | Windham, Ryder, |
| Relator term | author. |
| Relator code | aut. |
| 9 (RLIN) | 44369 |
| 245 10 - TITLE STATEMENT | |
| Title | Transformers Earthspark : |
| Remainder of title | 4 action-packed chapter books in 1! / |
| Statement of responsibility, etc | by Ryder Windham ; illustrated by Patrick Spaziante. |
| 264 #1 - Production, Publication, Distribution, Manufacture, and Copyright Notice. | |
| Place of production, publication, distribution, manufacture | New York : |
| Name of producer, publisher, distributor, manufacturer | Simon Spotlight, |
| Date of production, publication, distribution, manufacture, or copyr | [2024] |
| 300 ## - PHYSICAL DESCRIPTION | |
| Extent | 256 pages : |
| Other physical details | illustrations ; |
| Dimensions | 20 cm. |
| 336 ## - Content Type | |
| Content type term | text |
| 337 ## - Media type | |
| Media type term | unmediated |
| 338 ## - Carrier type | |
| Carrier type term | volume |
| 520 ## - SUMMARY, ETC. | |
| Summary, etc | Transformers: EarthSpark is a kids animated series from Nickelodeon and Hasbro introducing the first Transformers bots to be born on Earth, streaming on Paramount+! The beloved characters from the show have all-new adventures in this bind-up of four action-packed illustrated chapter books with foil on the cover! Optimus Prime and Megatron's mission at a big auto race takes a turn when they must protect Bumblebee and the Terrans from discovery. The Terrans attempt to bake something sweet for the Maltos, and also compete against each other in a Terran Triathlon! When Robby and Mo have to stay home from a mission, an unexpected challenge emerges. Can teamwork save the day? This fast-paced, page-turning bind-up includes: Optimus Prime and Megatron's Racetrack Recon! The Terrans Cook Up Some Mischief! May The Best Bot Win! No Malto Left Behind! TRANSFORMERS 2024 Hasbro. Transformers: EarthSpark TV series 2024 Hasbro/Viacom International Inc. All Rights Reserved. |
| 650 #0 - SUBJECT ADDED ENTRY--TOPICAL TERM | |
| Topical term or geographic name as entry element | Transformers (Fictitious characters) |
| Form subdivision | Juvenile fiction. |
| 9 (RLIN) | 6437257 |
| 650 #0 - SUBJECT ADDED ENTRY--TOPICAL TERM | |
| Topical term or geographic name as entry element | Robots |
| Form subdivision | Juvenile fiction. |
| 9 (RLIN) | 5680206 |
| 650 #1 - SUBJECT ADDED ENTRY--TOPICAL TERM | |
| Topical term or geographic name as entry element | Science fiction. |
| 650 #1 - SUBJECT ADDED ENTRY--TOPICAL TERM | |
| Topical term or geographic name as entry element | Transformers (Fictitious characters) |
| Form subdivision | Fiction. |
| 9 (RLIN) | 6437260 |
| 650 #1 - SUBJECT ADDED ENTRY--TOPICAL TERM | |
| Topical term or geographic name as entry element | Robots |
| Form subdivision | Fiction. |
| 9 (RLIN) | 5680224 |
| 655 #7 - INDEX TERM--GENRE/FORM | |
| Genre/form data or focus term | Science fiction. |
| Source of term | lcgft. |
| 655 #7 - INDEX TERM--GENRE/FORM | |
| Genre/form data or focus term | Science fiction. |
| Source of term | gsafd. |
| 700 1# - ADDED ENTRY--PERSONAL NAME | |
| Personal name | Spaziante, Patrick, |
| Relator term | illustrator. |
| 9 (RLIN) | 5674191 |
| 740 02 - ADDED ENTRY--UNCONTROLLED RELATED/ANALYTICAL TITLE | |
| Uncontrolled related/analytical title | Optimus Prime and Megatron's racetrack recon! |
| 740 02 - ADDED ENTRY--UNCONTROLLED RELATED/ANALYTICAL TITLE | |
| Uncontrolled related/analytical title | Terrans cook up some mischief! |
| 740 02 - ADDED ENTRY--UNCONTROLLED RELATED/ANALYTICAL TITLE | |
| Uncontrolled related/analytical title | May the best bot win! |
| 740 02 - ADDED ENTRY--UNCONTROLLED RELATED/ANALYTICAL TITLE | |
| Uncontrolled related/analytical title | No Malto left behind! |
| 942 ## - ADDED ENTRY ELEMENTS (KOHA) | |
| Source of classification or shelving scheme | Dewey Decimal Classification |
| Koha item type | BOOK |
| Withdrawn status | Lost status | Source of classification or shelving scheme | Damaged status | Not for loan | Collection code | Home library | Current library | Shelving location | Date acquired | Source of acquisition | Total Checkouts | Total Renewals | Full call number | Barcode | Date last seen | Date checked out | Cost, replacement price | Price effective from | Koha item type |
|---|---|---|---|---|---|---|---|---|---|---|---|---|---|---|---|---|---|---|---|
| Dewey Decimal Classification | Junior Fiction | Wasatch County Library | Wasatch County Library | Main Floor Junior Area | 03/07/2025 | Micromarketing | 1 | 1 | J Windham | 34301002148437 | 06/03/2025 | 03/19/2025 | 14.99 | 03/07/2025 | BOOK |
